Eastern African literatures : (Record no. 259359)
[ view plain ]
| 000 -LEADER | |
|---|---|
| fixed length control field | 00673nam a22001937a 4500 |
| 003 - CONTROL NUMBER IDENTIFIER | |
| control field | OSt |
| 005 - DATE AND TIME OF LATEST TRANSACTION | |
| control field | 20220923162554.0 |
| 008 - FIXED-LENGTH DATA ELEMENTS--GENERAL INFORMATION | |
| fixed length control field | 220923b xxu||||| |||| 00| 0 eng d |
| 010 ## - LIBRARY OF CONGRESS CONTROL NUMBER | |
| LC control number | 2017963123 |
| 020 ## - INTERNATIONAL STANDARD BOOK NUMBER | |
| International Standard Book Number | 9780198745716 (pbk.) |
| 040 ## - CATALOGING SOURCE | |
| Original cataloging agency | a YDX |
| Language of cataloging | eng |
| Transcribing agency | YDX |
| Modifying agency | BDX |
| Description conventions | |e rda |
| 050 ## - LIBRARY OF CONGRESS CALL NUMBER | |
| Classification number | PR9340.5 |
| Item number | .W47 2018 |
| 100 ## - MAIN ENTRY--PERSONAL NAME | |
| Personal name | West-Pavlov, Russell, |
| Dates associated with a name | 1964- |
| Relator term | editor. |
| 245 ## - TITLE STATEMENT | |
| Title | Eastern African literatures : |
| Remainder of title | towards an aesthetics of proximity / |
| Statement of responsibility, etc | Russell West-Pavlov. |
| 250 ## - EDITION STATEMENT | |
| Edition statement | First edition. |
| 260 ## - PUBLICATION, DISTRIBUTION, ETC. (IMPRINT) | |
| Place of publication, distribution, etc | Oxford, United Kingdom ; New York : |
| Name of publisher, distributor, etc | Oxford University Press, |
| Date of publication, distribution, etc | 2018. |
| 300 ## - PHYSICAL DESCRIPTION | |
| Extent | xix, 219 pages : |
| Other physical details | maps ; |
| Dimensions | 21 cm. |
| 942 ## - ADDED ENTRY ELEMENTS (KOHA) | |
| Source of classification or shelving scheme | Library of Congress Classification |
| Koha item type | Long Loan Books |
| Withdrawn status | Lost status | Source of classification or shelving scheme | Damaged status | Not for loan | Collection code | Home library | Current library | Shelving location | Date acquired | Total Checkouts | Full call number | Barcode | Date last seen | Price effective from | Koha item type | Date checked out |
|---|---|---|---|---|---|---|---|---|---|---|---|---|---|---|---|---|
| Library of Congress Classification | Non-fiction | Rongo University Library | Rongo University Library | General Stacks | 23/09/2022 | PR9340.5 .W47 2018 | 20220115 | 23/09/2022 | 23/09/2022 | Long Loan Books | ||||||
| Library of Congress Classification | Non-fiction | Rongo University Library | Rongo University Library | General Stacks | 23/09/2022 | 3 | PR9340.5 .W47 2018 | 20220116 | 04/03/2026 | 23/09/2022 | Long Loan Books | 03/03/2026 |
